000 00524nam a22001817a 4500
001 T027600004331
008 181111b xve|||||r|||| 00| | esp d
099 _aIVP-D-00981
_b
100 _aDíaz, José F.
245 _aPropuesta de desarrollo en el área fronteriza del estado Apure (Marco teórico).
260 _a
500 _aFotocopiado
650 _aPlanes de Desarrollo--Límites--Estado Apure (Venezuela).
650 _aVenezuela
650 _aEspañol
700 _aSilva de Vivas, Eddie C
_e
942 _cLIB
999 _c5471
_d5471